[Event "Young Masters"]
[Site "Lausanne SUI"]
[Date "2001.05.23"]
[Round "2.6"]
[White "Aronian,L"]
[Black "Bacrot,E"]
[Result "1-0"]
[WhiteElo "2528"]
[BlackElo "2627"]

1.Nf3 d5 2.g3 g6 3.Bg2 Bg7 4.O-O Nf6 5.d4 c6 6.Be3 O-O 7.Nbd2 Bg4 8.Qc1 Nbd7
9.h3 Bxf3 10.Nxf3 Re8 11.Bf4 Rc8 12.Rd1 b5 13.a4 b4 14.c3 bxc3 15.Qxc3 c5
16.dxc5 Nxc5 17.Qa3 Nfe4 18.Be3 e6 19.Rac1 Qa5 20.Ng5 Qxa4 21.Qxa4 Nxa4 22.Rxc8 Rxc8
23.Bxe4 dxe4 24.Rd7 f5 25.b3 Nc3 26.Nxe6 Bf6 27.Kf1 a5 28.h4 Rb8 29.h5 gxh5
30.Nc5 h4 31.gxh4 Rc8 32.Nb7 a4 33.bxa4 Nxa4 34.Nd6 Rb8 35.Nxf5 Nc3 36.Nh6+ Kh8
37.Bg5 Bg7 38.Nf5 Be5 39.Re7 Rb1+ 40.Kg2  1-0

[Event "TCh-NED Playoffs"]
[Site "Breda NED"]
[Date "2001.05.24"]
[Round "1"]
[White "Carlier,B"]
[Black "De Vreugt,D"]
[Result "1-0"]
[WhiteElo "2392"]
[BlackElo "2460"]

1.Nf3 d5 2.g3 g6 3.Bg2 Bg7 4.d4 Nf6 5.c4 c6 6.cxd5 cxd5 7.Nc3 O-O 8.Ne5 e6
9.O-O Nfd7 10.f4 Nc6 11.Be3 f6 12.Nf3 f5 13.Bf2 Nb6 14.e3 Bd7 15.Qe2 Qe7
16.Rfc1 Rfc8 17.Bf1 Be8 18.h3 Nc4 19.b3 Nd6 20.g4 Bf6 21.Ne5 Ne4 22.Nxe4 fxe4
23.Be1 Qa3 24.Bc3 Bd8 25.Qd2 Qe7 26.Nxc6 Bxc6 27.Bb4 Qd7 28.g5 Bb5 29.Bg2 Bc7
30.a4 Bd3 31.h4 a5 32.Ba3 h5 33.gxh6 Kh7 34.Bh3 Kxh6 35.Qg2 Bd8 36.Qg3 Be7
37.Bxe7 Qxe7 38.Qg5+ Qxg5+ 39.hxg5+ Kg7 40.Bxe6 Rc2 41.Rxc2 Bxc2 42.Bxd5  1-0

[Event "TCh-NED Playoffs"]
[Site "Breda NED"]
[Date "2001.05.24"]
[Round "1"]
[White "Sokolov,I"]
[Black "Feygin,M"]
[Result "1-0"]
[WhiteElo "2659"]
[BlackElo "2471"]

1.Nf3 d5 2.g3 Nf6 3.Bg2 Bg4 4.c4 c6 5.cxd5 cxd5 6.Ne5 Bf5 7.Nc3 Nbd7 8.Qa4 Qc7
9.d4 e6 10.O-O Be7 11.Bf4 Qd8 12.Qb5 Qb6 13.Nxd7 Nxd7 14.Rac1 a6 15.Qxb6 Nxb6
16.e4 dxe4 17.Nxe4 Nd5 18.Nd6+ Bxd6 19.Bxd6 Kd7 20.Be5 Rhc8 21.Bxg7 Rxc1
22.Rxc1 Rc8 23.Rxc8 Kxc8 24.a3 Kd7 25.Bf3 Kc6 26.Be2 Nb6 27.Kf1 Kd5 28.b3 Nc8
29.Ke1 Nd6 30.Kd2 Ne8 31.Bh8 f6 32.g4 Bb1 33.Bc4+ Kd6 34.f4 Ke7 35.Kc1 Be4
36.g5 fxg5 37.fxg5 Nd6 38.Be2 Kf7 39.Be5 Nb5 40.Bh5+ Bg6 41.Bf3 Nxa3 42.Bxb7 a5
43.d5 exd5 44.Bxd5+ Ke7 45.Bc7 Nb5 46.Bxa5 Kd6 47.Bc4 Nd4 48.Be1 Nf3 49.Bg3+ Kc5
50.h4 Kd4 51.Kb2 Nd2 52.Bf2+ Ke5 53.Bg8 Ne4 54.Be1 Kd4 55.b4 Nd6 56.Kb3 Ne4
57.Ka4 Nd6 58.Ka5 Nb7+ 59.Kb6 Nd6 60.Kc7 Ne8+ 61.Kd7 Ng7 62.Ke7 Nf5+ 63.Kf8 Ke3
64.b5 Ke2 65.b6  1-0

[Event "TCh-NED Playoffs"]
[Site "Breda NED"]
[Date "2001.05.24"]
[Round "1"]
[White "Sielecki,C"]
[Black "Lautier,J"]
[Result "0-1"]
[WhiteElo "2410"]
[BlackElo "2658"]

1.Nf3 d5 2.g3 c5 3.Bg2 g6 4.c4 d4 5.O-O Bg7 6.d3 Nc6 7.a3 a5 8.e3 Nf6 9.exd4 cxd4
10.Re1 Nd7 11.Nbd2 O-O 12.Rb1 a4 13.b4 axb3 14.Nxb3 h6 15.Qc2 Qc7 16.Nfd2 Rd8
17.c5 Nde5 18.h3 g5 19.Bb2 Bf5 20.Ne4 Bh7 21.Rbd1 Kh8 22.Bc1 f5 23.Ned2 Rf8
24.Nc4 f4 25.gxf4 gxf4 26.Nxe5 Bxe5 27.Nd2 Rg8 28.Nf3 Bf6 29.Kh2 e5 30.Rg1 Be7
31.Bb2 Rac8 32.Qe2 Qa5 33.Rc1 Qb5 34.Nxd4 Qxd3 35.Qxd3 Bxd3  0-1

[Event "6th Stuttgart Open"]
[Site "Ditzingen GER"]
[Date "2001.05.24"]
[Round "2"]
[White "Sattler,W"]
[Black "Gheng,J"]
[Result "0-1"]
[WhiteElo "2068"]
[BlackElo "2307"]

1.Nf3 d5 2.g3 g6 3.Bg2 Bg7 4.O-O e5 5.d3 Ne7 6.Nbd2 O-O 7.e4 c6 8.Qe2 Nd7
9.a4 Re8 10.Nb3 h6 11.Kh1 b6 12.Rd1 Bb7 13.a5 Rb8 14.c3 c5 15.Nh4 g5 16.Nf3 f5
17.Ne1 Nf6 18.Nc2 Qc7 19.f3 Rbd8 20.Re1 c4 21.dxc4 dxc4 22.axb6 axb6 23.Nd2 b5
24.Nf1 f4 25.Nb4 Qb6 26.Bd2 Nd7 27.Red1 Nc5 28.Be1 Na4 29.Bh3 Kh8 30.Bf2 Qc7
31.Be6 Nc5 32.Bh3 Nb3 33.Rxd8 Rxd8 34.Rd1 Rd6 35.Kg1 Qd8 36.Rxd6 Qxd6 37.Be1 Nc6
38.Nd5 Nc1 39.Qd2 Nd3 40.Bf2 Bf8 41.Be1 Na5 42.Nb4 Nb3 43.Qe2 Qb6+ 44.Kg2 Bxb4
45.cxb4 Nbc1 46.Qd1 Nxe1+ 47.Qxe1 Nd3 48.Qd2 Qd4  0-1

[Event "TCh-YUG"]
[Site "Herceg Novi YUG"]
[Date "2001.05.24"]
[Round "11"]
[White "Nikolic,N YUG"]
[Black "Stojanovic,Mih"]
[Result "1/2-1/2"]
[WhiteElo "2374"]
[BlackElo "2414"]

1.Nf3 d5 2.g3 c6 3.Bg2 Bg4 4.O-O Nd7 5.d3 h6 6.e4 dxe4 7.dxe4 e5 8.h3 Bxf3
9.Qxf3 Ngf6 10.Nd2 Bc5 11.Nc4 O-O 12.Ne3 Bxe3 13.Qxe3 Qe7 14.b3 Rfe8 15.Bb2 Qc5  1/2-1/2

[Event "Open"]
[Site "Pula CRO"]
[Date "2001.05.24"]
[Round "7"]
[White "Bylino,O"]
[Black "Novkovic,Mi"]
[Result "1/2-1/2"]
[WhiteElo "2186"]
[BlackElo "2406"]

1.Nf3 d5 2.g3 Nf6 3.Bg2 c5 4.c3 Nc6 5.d4 e6 6.O-O Be7 7.Nbd2 O-O 8.dxc5 Bxc5
9.Nb3 Bb6 10.Bf4 Re8 11.Ne5 Nh5 12.Nxc6 bxc6 13.Be5 Nf6 14.Bd4 e5 15.Bc5 Rb8
16.Qd2 Ba6 17.Rfe1 Bc4 18.h3 h6 19.Qe3 Nd7 20.Bxb6 Qxb6 21.Qxb6 Rxb6 22.e4 Nf6
23.exd5 cxd5 24.Na5 Rxb2 25.Nxc4 dxc4 26.Bf1 Nd5 27.Bxc4 Nxc3 28.Re3 Na4
29.Rae1 Rb4 30.Bb3 e4 31.Rc1 Re7 32.f3 Nb6 33.Rxe4 Rbxe4 34.fxe4 g6 35.Kf2 Kg7
36.Kf3 Rd7 37.Rc6 Re7 38.Kf4  1/2-1/2

[Event "Open"]
[Site "Pula CRO"]
[Date "2001.05.26"]
[Round "9"]
[White "Mikac,M"]
[Black "Zaja,I"]
[Result "1-0"]
[WhiteElo "2406"]
[BlackElo "2482"]

1.g3 d5 2.Nf3 Bg4 3.Bg2 Nd7 4.O-O c6 5.d4 e6 6.Nbd2 Ngf6 7.Re1 Be7 8.c3 O-O
9.e4 Bh5 10.Qb3 Qb6 11.exd5 cxd5 12.Nf1 Ne4 13.N3d2 Nxd2 14.Bxd2 Bd6 15.Ne3 Bg6
16.c4 Qxd4 17.Bc3 Qb6 18.cxd5 exd5 19.Qxd5  1-0

[Event "2nd IECC"]
[Site "Ohrid MKD"]
[Date "2001.06.01"]
[Round "1"]
[White "Markowski,T"]
[Black "Dervishi,E"]
[Result "1-0"]
[WhiteElo "2592"]
[BlackElo "2491"]

1.g3 d5 2.Nf3 e6 3.Bg2 Nf6 4.O-O Be7 5.c4 O-O 6.d4 b6 7.cxd5 exd5 8.Nc3 Bb7
9.Bf4 Na6 10.Rc1 Ne4 11.Qa4 Bd6 12.Nxd5 Bxd5 13.Bxd6 cxd6 14.Qxa6 Qd7 15.Rc2 Rfc8
16.Rfc1 Rxc2 17.Rxc2 Qf5 18.Qd3 Bxa2 19.Rc7 Bd5 20.Qb5 a6 21.Qd7 Qxd7 22.Rxd7 Rc8
23.Ne1 Bc6 24.Ra7 a5 25.Nd3 g6 26.h4 Nf6 27.Bxc6 Rxc6 28.Kf1 Nd5 29.Rd7 b5
30.Ke1 Kf8 31.Rb7 Rb6 32.Ra7 a4 33.e4 Ne7 34.d5 Rb8 35.Kd2 Ke8 36.f3 f5 37.Nb4 Rc8
38.Nc2 fxe4 39.fxe4 h5 40.Rb7 Ng8 41.Rxb5 Nf6 42.Rb4 Ra8 43.Na3 Nd7 44.Nc4 Ra6
45.Kc3 Kd8 46.Kd4 Kc7 47.Rb5 Nc5 48.e5 Nb3+ 49.Ke4 dxe5 50.Kxe5 Ra8 51.Nd6 Na5
52.Ke6 Rd8 53.Rc5+ Kb6 54.Rxa5  1-0

[Event "2nd IECC"]
[Site "Ohrid MKD"]
[Date "2001.06.01"]
[Round "1"]
[White "Ermenkov,E"]
[Black "Asrian,K"]
[Result "1/2-1/2"]
[WhiteElo "2478"]
[BlackElo "2582"]

1.Nf3 d5 2.g3 c6 3.Bg2 Bg4 4.O-O Nd7 5.d4 Ngf6 6.Nbd2 e6 7.Re1 Be7 8.e4 dxe4
9.Nxe4 Nxe4 10.Rxe4 Bh5 11.c3 O-O 12.Qb3 Qb6 13.Ne5 Nxe5 14.Rxe5 Bg6 15.Re1 Rfd8
16.Bf4 Rd7 17.h4 Rad8 18.Bf3 h6 19.Kg2 c5 20.Be3 cxd4 21.Bxd4 Bc5 22.Qxb6 axb6
23.Bxc5 bxc5 24.b4 cxb4 25.cxb4 Rd4 26.Red1 e5 27.a4 Bd3 28.Bxb7 Rxb4 29.Bc6 Rd6
30.Bb5 Be4+ 31.Kf1 Rdd4 32.Rxd4 exd4 33.Ra3 Kf8 34.f3 Bc2 35.Ke1 Ke7 36.Kd2 Bb3
37.f4 Kd6 38.Be8 Bc4 39.a5 Rb2+ 40.Kc1 Rb8 41.Ba4 Kc5 42.Bc2 Ra8 43.Kd2 Kb4
44.Ra4+ Kb5 45.a6 Ra7 46.Bd1 f6 47.Be2 d3 48.Bd1 Kc5 49.Bf3 Bb5 50.Ra1 Rxa6
51.Rxa6 Bxa6 52.Kc3 Kd6 53.Be4 Ke6 54.Kd2 Bb5 55.Kc3 Kd6 56.Bxd3 Bxd3 57.Kxd3 Kd5
58.h5 f5 59.Ke3  1/2-1/2

[Event "2nd IECC"]
[Site "Ohrid MKD"]
[Date "2001.06.02"]
[Round "2"]
[White "Kantsler,B"]
[Black "Najer,E"]
[Result "1/2-1/2"]
[WhiteElo "2507"]
[BlackElo "2600"]

1.Nf3 d5 2.g3 g6 3.Bg2 Bg7 4.d4 Nf6 5.O-O O-O 6.c4 dxc4 7.Na3 Nc6 8.Nxc4 Be6
9.b3 a5 10.Bb2 Bd5 11.Rc1 a4 12.bxa4 Ra6 13.Nfe5  1/2-1/2

[Event "2nd IECC"]
[Site "Ohrid MKD"]
[Date "2001.06.02"]
[Round "2"]
[White "Djuric,S"]
[Black "Mitkov,N"]
[Result "1/2-1/2"]
[WhiteElo "2483"]
[BlackElo "2578"]

1.Nf3 d5 2.g3 c6 3.Bg2 Bg4 4.Ne5 Bh5 5.d4 Nd7 6.Nxd7 Qxd7 7.O-O e6 8.a4 Bd6
9.a5 Nf6 10.a6 b6 11.Nd2 Rc8 12.Qe1 c5 13.e4 Nxe4 14.Nxe4 dxe4 15.dxc5 Bxc5
16.Qxe4 Bg6 17.Qb7 e5 18.Re1 Bd6 19.Bf4 f6 20.Rad1 Bf5 21.Rd2 Qc7 22.Rxd6 Qxd6
23.Qxg7 Qe7 24.Bc6+ Rxc6 25.Qxh8+ Kf7 26.Qa8 Qd7 27.Bh6 Rc8 28.Qf3 Kg6 29.Be3 Rxc2
30.h4 h5 31.b4 Rc4 32.Bc1 Rxb4 33.Qe3 Kf7 34.Qh6 Bg6 35.Ba3 Rd4 36.Kh2 Rd2
37.Rf1 Qd3 38.Qf8+ Ke6 39.Qc8+ Qd7 40.Qc4+ Kf5 41.Bc1 Bf7 42.Qb4 Rc2 43.Be3 Qd3
44.Re1 Qxa6 45.Bxb6 Rc4 46.Qb1+ Ke6 47.Be3 Rc7 48.Qb3+ Ke7 49.Qb4+ Ke6 50.Qb3+ Ke7
51.Qb4+ Qd6 52.Qxd6+ Kxd6  1/2-1/2

[Event "2nd IECC"]
[Site "Ohrid MKD"]
[Date "2001.06.02"]
[Round "2"]
[White "Movsesian,S"]
[Black "Goloshchapov,A"]
[Result "1-0"]
[WhiteElo "2661"]
[BlackElo "2528"]

1.g3 d5 2.Nf3 c6 3.Bg2 Bg4 4.O-O Nd7 5.d3 e5 6.e4 dxe4 7.dxe4 Bc5 8.Nbd2 f6
9.c3 a5 10.Qe2 Ne7 11.Rd1 Qc7 12.a4 Be6 13.Qf1 Nb6 14.Bh3 Qc8 15.Bxe6 Qxe6
16.Ne1 O-O 17.Nd3 Bd6 18.b3 Rad8 19.Qe2 Nec8 20.Rb1 Be7 21.Nf1 Nd7 22.Be3 Nd6
23.Nd2 b5 24.Ra1 Nb7 25.Nb2 Nd6 26.axb5 Nxb5 27.Rdc1 Ra8 28.Ndc4 Nd6 29.Qd3 Nb7
30.Na4 Bc5 31.Rd1 Rf7 32.Rd2 Bxe3 33.Qxe3 Qe7 34.Rxd7 Qxd7 35.Nab6 Qd8 36.Nxa8 Qxa8
37.b4 Qa6 38.Nxa5 Rd7 39.Kg2 c5 40.Qf3 cxb4 41.cxb4 Nxa5 42.bxa5 Rd3 43.Qg4 Rd8
44.h4 Kh8 45.Qf3 h6 46.h5 Rd2 47.Kg1 Rd3 48.Qg4 Rd2 49.Qf5 Rd8 50.Qf3 Rd3
51.Qg2 Qa7 52.a6 Qd4 53.Ra2 Qa7 54.Qh3 Rc3 55.Rd2 Qa8 56.Qe6 Rc8 57.Kh2 Rc6
58.Qe7 Rc8 59.Qb7 Rb8 60.Qxa8 Rxa8 61.Ra2 Ra7 62.Kg2 Kg8 63.Kf3 Kf7 64.Ke3 Ke6
65.Kd3 Kd6 66.Kc4 Kc6 67.Ra3 Kb6 68.Kd5 Kc7 69.Kc5 Kb8 70.Kb6 Rd7 71.Rc3 Rd6+
72.Rc6 Rd7 73.Re6 Rd8 74.f4 exf4 75.gxf4 Ka8 76.a7 Rf8 77.Rd6 Re8 78.e5 fxe5
79.fxe5  1-0

[Event "FSGM June"]
[Site "Budapest HUN"]
[Date "2001.06.03"]
[Round "2"]
[White "Radulov,I"]
[Black "Peng Zhaoqin"]
[Result "1/2-1/2"]
[WhiteElo "2390"]
[BlackElo "2391"]

1.Nf3 d5 2.g3 c6 3.Bg2 Nf6 4.O-O Bg4 5.d3 Nbd7 6.c4 e6 7.Nc3 Be7 8.cxd5 exd5
9.h3 Bxf3 10.Bxf3 O-O 11.e4 dxe4 12.dxe4 Bb4 13.Qc2 Re8 14.Bg2 Nc5 15.Rd1 Qe7
16.f3 Ne6 17.Be3 Bc5  1/2-1/2

[Event "Open"]
[Site "Estensi ITA"]
[Date "2001.06.04"]
[Round "3"]
[White "Genocchio,D"]
[Black "Skembris,S"]
[Result "1/2-1/2"]
[WhiteElo "2278"]
[BlackElo "2450"]

1.Nf3 d5 2.g3 g6 3.Bg2 Bg7 4.O-O e5 5.d3 Nc6 6.e4 Nge7 7.Nc3 dxe4 8.dxe4 Qxd1
9.Rxd1 Bg4 10.Nb5 Rc8 11.c3 a6 12.Na3 h6 13.b3 O-O 14.h3 Be6 15.Nc2 f5 16.exf5 gxf5
17.Ba3 Rfe8 18.Rd2 Ng6 19.Re1 Kf7 20.Bb2 Rcd8 21.Red1 Rxd2 22.Rxd2 Bf6 23.Bc1 e4
24.Nfd4 Bg5 25.Rd1 Nxd4 26.cxd4 c6 27.h4 Bxc1 28.Rxc1 Kf6 29.f3 exf3 30.Bxf3 Rg8
31.Kf2 f4 32.gxf4 Nxf4 33.Rf1 Bh3 34.Rd1 Bg2 35.Ne3 Nh3+ 36.Ke2 Nf4+ 37.Kf2 Bxf3
38.Kxf3 Ng6 39.h5 Ne7 40.d5 cxd5 41.Nxd5+ Nxd5 42.Rxd5 Ke6 43.Rc5 Rf8+ 44.Ke4 Rf2
45.Rc7 Re2+ 46.Kf4 Rf2+ 47.Ke4 Re2+ 48.Kf4 Rf2+  1/2-1/2

[Event "Open"]
[Site "Estensi ITA"]
[Date "2001.06.04"]
[Round "3"]
[White "Lagrotteria,S"]
[Black "Tomasi,D"]
[Result "1/2-1/2"]
[WhiteElo "2201"]
[BlackElo "2042"]

1.Nf3 d5 2.g3 Nf6 3.Bg2 c6 4.d3 g6 5.Nbd2 Bg7 6.O-O O-O 7.e4 Bg4 8.h3 Bxf3
9.Qxf3 Nbd7 10.Qe2 dxe4 11.dxe4 e5 12.a4 a5 13.Nc4 Qc7 14.b3 Nb6 15.Nb2 Rfd8
16.Bd2 Nbd7 17.Bc3 Ne8 18.h4 Nc5 19.Nc4 Ne6 20.Ra2 Nd4 21.Qe1 b6 22.Nd2 Nd6
23.Ba1 Qe7 24.c3 Ne6 25.Qe2 Nc5 26.Rb1 Bh6 27.Nc4 Nxc4 28.Qxc4 Qe6 29.Qxe6 Nxe6  1/2-1/2

[Event "2nd IECC"]
[Site "Ohrid MKD"]
[Date "2001.06.04"]
[Round "4"]
[White "Hillarp Persson,T"]
[Black "Goloshchapov,A"]
[Result "0-1"]
[WhiteElo "2443"]
[BlackElo "2528"]

1.g3 d5 2.Nf3 c5 3.Bg2 Nc6 4.d4 cxd4 5.Nxd4 e5 6.Nxc6 bxc6 7.c4 Bb4+ 8.Nc3 d4
9.Qa4 Rb8 10.Bxc6+ Bd7 11.a3 Bxc3+ 12.bxc3 dxc3 13.Be3 Ne7 14.Bxd7+ Qxd7
15.Qxd7+ Kxd7 16.O-O-O+ Ke6 17.Bxa7 Rbc8 18.c5 Rc6 19.Rd6+ Rxd6 20.cxd6 Nc6
21.Bc5 Kd5 22.Bb6 Ra8 23.Kc2 Rxa3 24.d7 Nb4+ 25.Kb1 Rb3+ 26.Ka1 Nc2+  0-1

[Event "2nd IECC"]
[Site "Ohrid MKD"]
[Date "2001.06.05"]
[Round "5"]
[White "Markowski,T"]
[Black "Moreno Carnero,J"]
[Result "1/2-1/2"]
[WhiteElo "2592"]
[BlackElo "2480"]

1.g3 d5 2.Nf3 g6 3.c4 dxc4 4.Qa4+ Nc6 5.Qxc4 Bg7 6.Bg2 e5 7.Ng5 Nh6 8.d3 O-O
9.O-O Nf5 10.Nc3 Nd6 11.Qa4 Bd7 12.Qd1 Nd4 13.e3 Ne6 14.Nf3 Bc6 15.Qc2 Qe7
16.Rb1 f5 17.b4 e4 18.Nd2 exd3 19.Qxd3 Bxg2 20.Kxg2 Rad8 21.Qc2 Qd7 22.Qb3 Rfe8
23.Bb2 Qc6+ 24.Kg1 Bxc3 25.Bxc3 Nb5 26.Rbc1 Rd3 27.Nb1 Qd5 28.Qxd5 Rxd5 29.a4 Nxc3
30.Nxc3 Rd2  1/2-1/2

[Event "Open"]
[Site "Estensi ITA"]
[Date "2001.06.06"]
[Round "5"]
[White "Martinovic,S"]
[Black "Ortega,Le"]
[Result "0-1"]
[WhiteElo "2433"]
[BlackElo "2487"]

1.Nf3 d5 2.g3 c6 3.Bg2 Nf6 4.b3 Bf5 5.Bb2 e6 6.O-O h6 7.d3 Be7 8.c4 O-O 9.Nbd2 a5
10.a3 Nbd7 11.Ra2 Bh7 12.Qa1 b5 13.cxb5 cxb5 14.Ne5 Rc8 15.Ndf3 Nc5 16.Qd1 Bd6
17.Bd4 Nfd7 18.Rc2 Nxe5 19.Bxe5 Bxe5 20.Nxe5 Qd6 21.Nf3 e5 22.Rc1 e4 23.dxe4 Nxe4
24.Rxc8 Rxc8 25.Nd4 Nc3 26.Qa1 Be4 27.e3 Qe5 28.b4 a4 29.Re1 Bxg2 30.Kxg2 Qe4+
31.Kg1 Rc4 32.h4 h5 33.Kh2 Qd3 34.Qb2 Ne4 35.Qe2 Qxa3 36.Nxb5 Qxb4 37.Nd4 a3
38.Ra1 Qc3 39.Ra2 Rb4 40.Qxh5 Rb2 41.Nf3 Nxf2 42.Qxd5 Ng4+ 43.Kh3 Nf2+ 44.Kh2 Ng4+
45.Kh3 Qc8  0-1

[Event "Open"]
[Site "Estensi ITA"]
[Date "2001.06.06"]
[Round "5"]
[White "Lazic,Mi"]
[Black "Bukal,V jr"]
[Result "1/2-1/2"]
[WhiteElo "2475"]
[BlackElo "2392"]

1.Nf3 d5 2.g3 Bg4 3.Bg2 Nd7 4.c4 e6 5.b3 c6 6.Bb2 Ngf6 7.O-O Bd6 8.d4 O-O
9.Nbd2 a5 10.a3 Bh5 11.Re1 Ne4 12.Nxe4 dxe4 13.Ne5 f5 14.Nxd7 Qxd7 15.f3 f4
16.g4 Bg6 17.fxe4 e5 18.Bf3 exd4 19.Qxd4 Qe7 20.Kf1 Rae8 21.Red1 Bc5 22.Qd7 Rf7
23.Qxe7 Rfxe7 24.e5 Bc2 25.Rdc1 Bxb3 26.a4 Rd8 27.Be4 f3 28.Bd3 Rf7  1/2-1/2

[Event "Open"]
[Site "Estensi ITA"]
[Date "2001.06.06"]
[Round "5"]
[White "Di Lazzaro,G"]
[Black "Lagrotteria,S"]
[Result "0-1"]
[WhiteElo "2015"]
[BlackElo "2201"]

1.Nf3 d5 2.g3 Nf6 3.Bg2 c6 4.O-O Nbd7 5.d4 e6 6.Nbd2 Bd6 7.Re1 O-O 8.e4 dxe4
9.Nxe4 Nxe4 10.Rxe4 Nf6 11.Re1 h6 12.c3 Qc7 13.Ne5 a5 14.Nc4 Be7 15.Bf4 Qd8
16.a4 Nd5 17.Bd2 Bd7 18.Qc2 Qc7 19.Ne3 Nf6 20.Nf5 Bd8 21.Bf4 Qb6 22.Ne3 Be7
23.Nc4 Qd8 24.Bd6 Bxd6 25.Nxd6 Qc7 26.Nc4 Rab8 27.Qe2 b6 28.Reb1 c5 29.dxc5 Qxc5
30.Ne5 Be8 31.Rd1 Nd5 32.Nf3 Bc6 33.Ne5 Be8 34.Nf3 Rc8 35.Ne5 Rc7 36.Rd4 b5
37.axb5 Bxb5 38.Qe1 a4 39.Nd3 Bxd3 40.Rxd3 Nb6 41.Qe2 Rb8 42.Qd2 Rcc8 43.Qc2 Nc4
44.Ra2 Qb6 45.Rd1 Qb3 46.Qxb3 axb3 47.Ra7 Rd8 48.Rb1 Rd2 49.Kf1 f5 50.Ke1 Rxb2
51.Rd1 Ra2 52.Rc7 Ne5 53.f4 Rxg2 54.Kf1 Rxh2  0-1

[Event "Open"]
[Site "Estensi ITA"]
[Date "2001.06.07"]
[Round "6"]
[White "Vezzani,S"]
[Black "Pircher,K"]
[Result "1/2-1/2"]
[WhiteElo "2230"]
[BlackElo "2041"]

1.g3 d5 2.Nf3 Nf6 3.Bg2 e6 4.O-O c5 5.d3 Be7 6.Nbd2 Nc6 7.e4 b6 8.Re1 Bb7
9.e5 Nd7 10.h4 Qc7 11.Qe2 O-O-O 12.c3 h6 13.Nf1 Rdg8 14.N1h2 g5 15.hxg5 hxg5
16.Ng4 Rh5 17.Bd2 Qd8 18.b4 Qf8 19.b5 Nd8 20.a4 Qg7 21.Kf1 Qh7 22.d4 Rh8
23.Qe3 Qf5 24.Nf6 Nxf6 25.exf6 Qxf6  1/2-1/2

[Event "ch-IND"]
[Site "New Delhi IND"]
[Date "2001.06.07"]
[Round "11"]
[White "Kunte,A"]
[Black "Sahu,S"]
[Result "1-0"]
[WhiteElo "2568"]
[BlackElo "2325"]

1.Nf3 d5 2.g3 c5 3.Bg2 Nc6 4.d4 Nf6 5.O-O e6 6.c4 Be7 7.cxd5 Nxd5 8.dxc5 O-O
9.e4 Ndb4 10.a3 Nd3 11.Qc2 Nxc1 12.Rxc1 a5 13.Nbd2 a4 14.e5 Qd5  1-0

[Event "2nd IECC"]
[Site "Ohrid MKD"]
[Date "2001.06.07"]
[Round "7"]
[White "Rossi,C"]
[Black "Dervishi,E"]
[Result "0-1"]
[WhiteElo "2418"]
[BlackElo "2491"]

1.Nf3 d5 2.g3 e6 3.Bg2 Nf6 4.O-O Be7 5.d3 O-O 6.Nbd2 c5 7.e4 Nc6 8.Re1 b5
9.e5 Nd7 10.Nf1 Qc7 11.Bf4 a5 12.h4 a4 13.N1h2 a3 14.b3 Bb7 15.Bh3 d4 16.Ng4 Rfe8
17.Ng5 Bxg5 18.hxg5 Ne7 19.Nf6+ gxf6 20.gxf6 Ng6 21.Qh5 Kh8 22.Kh2 Rg8 23.Qh6 Ndxe5
24.Rxe5 Nxe5 25.Qh5 Rg5 26.Bxg5 Nf3+ 27.Kh1 Nxg5+ 28.Bg2 Bxg2+ 29.Kxg2 Qc6+
30.f3 Rg8 31.Re1 e5 32.Rxe5 Qxf6 33.Rxc5 Ne6 34.Qe5 Qxe5 35.Rxe5 Rc8 36.Re2 Nc5
37.f4 Na6 38.Kf3 Nb4 39.Re5 Nxa2 40.Rxb5 Ra8  0-1

[Event "2nd IECC"]
[Site "Ohrid MKD"]
[Date "2001.06.07"]
[Round "7"]
[White "Movsesian,S"]
[Black "Gyimesi,Z"]
[Result "1-0"]
[WhiteElo "2661"]
[BlackElo "2571"]

1.Nf3 d5 2.g3 c6 3.Bg2 Bg4 4.O-O Nd7 5.d3 Ngf6 6.h3 Bh5 7.Qe1 e5 8.e4 dxe4
9.dxe4 Bc5 10.Nbd2 O-O 11.Nc4 Re8 12.a4 Nb6 13.Na5 Qc7 14.Nh4 Nfd7 15.b4 Bf8
16.c4 c5 17.b5 a6 18.Bb2 axb5 19.axb5 Ra7 20.Nf5 Rea8 21.Ne3 Bd6 22.h4 f6
23.Bh3 Nf8 24.Bc3 Qd8 25.Qd2 Bc7 26.Qc2 Bf7 27.Rfd1 Qe8 28.Qe2 Be6 29.Bg2 Bf7
30.Nb3 Rxa1 31.Rxa1 Rxa1+ 32.Bxa1 Ne6 33.Nd5 Qa8 34.Bh3 Nxd5 35.exd5 Nd4
36.Bxd4 cxd4 37.Nc5 b6 38.Ne4 Qd8 39.h5 g6 40.g4 Bd6 41.Qf3 Be7 42.Kh2 h6
43.Bf1 Qc8 44.Ng3 Bb4 45.Ne4 f5 46.Ng3 f4 47.Ne4 gxh5 48.gxh5 Qf5 49.Bh3 Bxh5
50.Qxh5 Qxh5 51.Nf6+ Kf7 52.Nxh5 Bd6 53.Bf5  1-0

[Event "2nd IECC"]
[Site "Ohrid MKD"]
[Date "2001.06.07"]
[Round "7"]
[White "Markowski,T"]
[Black "Bischoff,K"]
[Result "1/2-1/2"]
[WhiteElo "2592"]
[BlackElo "2533"]

1.g3 d5 2.Nf3 Nf6 3.Bg2 c6 4.O-O Nbd7 5.d4 e6 6.c4 Be7 7.Qc2 a5 8.Rd1 O-O
9.Nbd2 b6 10.b3 Bb7 11.Bb2 Qb8 12.e4 Rc8 13.Re1 h6 14.a3 Qc7 15.Ne5 Qd8 16.Nd3 Qf8
17.Qd1 Rd8 18.Qe2 Rac8 19.Nf4 dxe4 20.Nxe4 Nxe4 21.Qxe4 Bd6 22.Nh5 Re8 23.c5 Bc7
24.b4 g6 25.Qg4 Kh7 26.Nf4 Nf6 27.Qf3 Nd5 28.Nxd5 exd5 29.h4 Rxe1+ 30.Rxe1 Re8
31.Re3 axb4 32.axb4 Rxe3 33.Qxe3 h5 34.Bf1 b5 35.Bd3 Kg8 36.Bc1 Bc8 37.Qg5 Qe8
38.Be3  1/2-1/2

[Event "2nd IECC"]
[Site "Ohrid MKD"]
[Date "2001.06.09"]
[Round "8"]
[White "Zueger,B"]
[Black "Kutirov,R"]
[Result "1/2-1/2"]
[WhiteElo "2448"]
[BlackElo "2381"]

1.Nf3 d5 2.g3 c6 3.Bg2 Bg4 4.c4 e6 5.cxd5 Bxf3 6.Bxf3 exd5 7.O-O Nf6 8.b3 Nbd7
9.Bb2 Bd6 10.Qc2 O-O 11.Nc3 Re8 12.e3 Qe7 13.Bg2 Ba3 14.Bxa3 Qxa3 15.Rab1 a5
16.d4 Nb6 17.Na4 Nxa4 18.bxa4 Re7 19.Rb3 Qd6 20.Rfb1 Ra7 21.Bh3 Rc7 22.R1b2 g6
23.Bg2  1/2-1/2

[Event "2nd IECC"]
[Site "Ohrid MKD"]
[Date "2001.06.09"]
[Round "8"]
[White "Kozul,Z"]
[Black "Arlandi,E"]
[Result "1-0"]
[WhiteElo "2595"]
[BlackElo "2423"]

1.Nf3 d5 2.g3 c5 3.Bg2 Nc6 4.O-O e5 5.d3 Nf6 6.e4 d4 7.a4 Bg4 8.Na3 Be7 9.Qe1 Nd7
10.Kh1 O-O 11.Ng1 a6 12.Bd2 b6 13.f4 f6 14.f5 Bh5 15.g4 Bf7 16.Rf3 Rb8 17.Rh3 Re8
18.Nf3 b5 19.axb5 axb5 20.Qg3 c4 21.g5 fxg5 22.Nxg5 Nf8 23.Nxf7 Kxf7 24.dxc4 Bxa3
25.cxb5 Rxb5 26.Qxa3 Kg8 27.Bf1 Rb7 28.Bc4+ Kh8 29.Rg1 Qb6 30.f6 g6 31.Rb3 Qc7
32.Rxb7 Qxb7 33.Bh6 Ne6 34.Bxe6  1-0

[Event "Open"]
[Site "Estensi ITA"]
[Date "2001.06.10"]
[Round "9"]
[White "Bukal,V"]
[Black "Trabert,B"]
[Result "1-0"]
[WhiteElo "2439"]
[BlackElo "2269"]

1.Nf3 d5 2.g3 Bg4 3.Bg2 Nd7 4.c4 e6 5.O-O Ngf6 6.cxd5 exd5 7.Nc3 c6 8.d3 Bd6
9.h3 Bxf3 10.Bxf3 O-O 11.e4 dxe4 12.dxe4 Qe7 13.Bg2 Rad8 14.Qc2 Bc5 15.Kh2 Bb6
16.f4 Nc5 17.Be3 Nfd7 18.Rad1 f6 19.Rfe1 Kh8 20.Qf2 Rfe8 21.Bf3 Qf7 22.Rd6 Ne6
23.Red1 Bxe3 24.Qxe3 Nb6 25.b3 Qe7 26.e5 fxe5 27.Qxe5 Rxd6 28.Qxd6 Qxd6 29.Rxd6 Kg8
30.Ne4 Kf7 31.f5 Nf8 32.Nc5 Re7 33.a4 a5 34.Rd8 g6 35.g4 gxf5 36.gxf5 Nfd7
37.Nxb7 Ne5 38.Nd6+ Kf6 39.Be4 Nbd7 40.Kg3 Nc5 41.Kf4 Ned3+ 42.Ke3 Nb4 43.Kf4 Nxb3
44.Nc4 Nc5 45.Rd6+ Kf7 46.Ne5+ Ke8 47.Bxc6+ Nxc6 48.Rxc6 Nb7 49.Rc8+ Nd8
50.Nc6 Rd7 51.Ke5 h5 52.Rxd8+  1-0

[Event "2nd IECC"]
[Site "Ohrid MKD"]
[Date "2001.06.10"]
[Round "9"]
[White "Markowski,T"]
[Black "Rechlis,G"]
[Result "0-1"]
[WhiteElo "2592"]
[BlackElo "2525"]

1.g3 d5 2.Nf3 c6 3.Bg2 Nf6 4.O-O Bg4 5.d3 Nbd7 6.c4 e6 7.cxd5 exd5 8.Nc3 Bc5
9.Qb3 Qc8 10.Na4 Bd6 11.e4 O-O 12.Nd4 dxe4 13.dxe4 Re8 14.f3 Bh5 15.Be3 b5
16.Nc3 Bg6 17.Rfd1 Bf8 18.Rac1 a6 19.Bh3 Qb7 20.Nce2 Ne5 21.f4 Neg4 22.Bxg4 Nxg4
23.f5 Bh5 24.Nxc6 Rxe4 25.Rd3 Rae8  0-1

[Event "2nd IECC"]
[Site "Ohrid MKD"]
[Date "2001.06.11"]
[Round "10"]
[White "Stanojoski,Z"]
[Black "Rabiega,R"]
[Result "0-1"]
[WhiteElo "2435"]
[BlackElo "2517"]

1.Nf3 d5 2.g3 Bg4 3.Bg2 Nd7 4.d4 e6 5.O-O Ngf6 6.Nbd2 Be7 7.Re1 O-O 8.e4 c5
9.e5 Ne8 10.h3 Bh5 11.g4 Bg6 12.c3 b5 13.Nf1 b4 14.cxb4 cxb4 15.Be3 Nb6 16.b3 Nc7
17.Qd2 Nb5 18.h4 h6 19.h5 Be4 20.N3h2 Bh7 21.Ng3 a5 22.Bf1 Nc3 23.a4 Ne4
24.Nxe4 dxe4 25.Bc4 Nd5 26.Nf1 f5 27.exf6 Bxf6 28.Rac1 Kh8 29.Bxd5 exd5 30.Rc2 Qd7
31.Nh2 Be7 32.Kh1 Bd6 33.Rg1 Rf3 34.Nxf3 exf3 35.Rcc1 Qe7 36.g5 Qe4 37.Rg3 Re8
38.g6 Bxg3 39.fxg3 f2+ 40.Kh2 Qxe3 41.Qxe3 Rxe3 42.Kg2 Bg8 43.Kxf2 Rxb3 44.Rc5 Ra3
45.Rxa5 b3 46.Rb5 Rxa4 47.Ke3 Ra8 48.Rxb3 Be6 49.Rb5 Kg8 50.Rb6 Re8 51.Kf4 Kf8
52.Rb7 Bg8 53.Kf5 Be6+ 54.Kf4 Bc8 55.Rf7+ Kg8 56.Ra7 Re4+ 57.Kf3 Rxd4 58.Ra8 Rc4
59.Ke3 Kf8 60.g4 Ke7  0-1

[Event "2nd IECC"]
[Site "Ohrid MKD"]
[Date "2001.06.12"]
[Round "11"]
[White "Pigusov,E"]
[Black "Godena,M"]
[Result "1/2-1/2"]
[WhiteElo "2584"]
[BlackElo "2494"]

1.Nf3 d5 2.g3 Nc6 3.d4 Bf5 4.Bg2 Nb4 5.Na3 e6 6.c3 Na6 7.Qb3 Qc8 8.Nh4 Bg4
9.e4 c6 10.h3 Bh5 11.exd5 cxd5 12.O-O Bxa3 13.Qxa3 Ne7 14.g4 Bg6 15.Bf4 Qd7
16.Rfe1 Nc7 17.Re3 Qd8 18.Qa4+ Qd7 19.Qb4 Na6 20.Qa3 Nb8 21.Bxb8 Rxb8 22.f4 Bc2
23.Rc1 Ba4 24.Nf3 O-O 25.Ne5 Qe8 26.f5 Bc6 27.Rce1 Qd8 28.Rf1 exf5 29.gxf5 Re8
30.f6 Ng6 31.Nxf7 Qc7 32.Rxe8+ Rxe8 33.Nh6+ Kh8 34.Qd6 Qxd6 35.Nf7+ Kg8 36.Nxd6 Rd8
37.f7+ Kf8 38.Ne8 Bxe8 39.fxe8=Q+ Kxe8 40.Rf5 Ne7 41.Rf4 Rd6 42.Bf1 a6 43.Bd3 h6
44.h4 Rb6 45.b3 Rc6 46.c4 dxc4 47.bxc4 Rb6 48.c5 Rb4 49.Be4 g5 50.hxg5 hxg5
51.Rg4 Kd8 52.Rxg5 Rxd4 53.Bxb7 Rd1+ 54.Kf2 Rd2+ 55.Ke3 Rxa2 56.Rh5 a5 57.Kd3 a4
58.Rh8+ Kc7 59.Be4 Ra1 60.Rh7 Kd8 61.Rh8+ Kc7 62.Ra8 Nc6 63.Rh8 Ne7 64.Rh7 Kd8
65.Kd2 a3 66.Rh8+ Kc7 67.Ra8 a2 68.Ra7+ Kb8 69.Ra8+ Kc7 70.Ra7+  1/2-1/2